000 00792nam a2200241 a 4500
001 BRL_1423
005 20190320211210.0
008 140114s1944----mx-a#####b---#000-0#spa-#
041 _aspa
044 _amx
050 4 _aF1221.L2
_b.B59 1944
100 1 _aBlom, Gertrude Duby
_d1901-1993
_926563
245 1 0 _aLos lacandones, su pasado y su presente
_cpor Gertrude Duby.
260 _aMéxico
_bSecretaría de Educación Pública
_c1944
300 _a94 p.
_bil.
_c20 cm.
440 0 _aBiblioteca enciclopedica popular
_v30
_926864
500 _aej. Au1690, ej.2 Au1691, ej.3 Au1692
500 _aEstado físico: Ej.3 tiene desprendida la pasta del lomo.
500 _aLa biblioteca cuenta con 3 ejemplares
650 1 4 _aLacandones
_xHistoria
_923167
902 _aGRL
942 _2lcc
_cB
999 _c10233
_d10233